[Event "Val Thorens op"]
[Site "Val Thorens"]
[Date "1995.??.??"]
[Round "?"]
[White "Houhou, Olivier"]
[Black "Sydor, Andrzej"]
[Result "0-1"]
[WhiteElo "2000"]
[BlackElo "2355"]
[PlyCount "78"]
[EventDate "1995.??.??"]
[EventType "swiss"]
[EventRounds "9"]
[EventCountry "FRA"]
[SourceTitle "EXT 1999"]
[Source "ChessBase"]
[SourceDate "1998.11.16"]
[SourceVersion "1"]
[SourceVersionDate "1998.11.16"]
[SourceQuality "1"]

1. e4 e5 2. Nf3 Nc6 3. Bb5 a6 4. Ba4 Nf6 5. d4 exd4 6. 0-0 Be7 7. e5 Ne4 8. Re1 Nc5 9. Bxc6 dxc6 10. Nxd4 0-0 11. Nc3 Re8 12. f4 Ne6 13. Be3 Nxd4 14. Bxd4 Bf5 15. Ne4 Qd5 16. Nf2 Bxc2 17. Qxc2 Qxd4 18. Re4 Qd5 19. Rd1 Qe6 20. Re2 Rad8 21. Rde1 Bb4 22. f5 Qxa2 23. Rf1 Qd5 24. Rd1 Qc5 25. Qb3 Rxd1+ 26. Qxd1 Qd5 27. Re4 Qxd1+ 28. Nxd1 Bd6 29. e6 fxe6 30. fxe6 Kf8 31. Ne3 g6 32. Kf2 Ke7 33. Rh4 Rh8 34. Re4 Rf8+ 35. Ke2 Rf4 36. Rxf4 Bxf4 37. Nc4 Bxh2 38. Na5 b6 39. Nxc6+ Kxe6 0-1

[Event "Val Thorens op"]
[Site "Val Thorens"]
[Date "1995.??.??"]
[Round "?"]
[White "Sydor, Andrzej"]
[Black "Barsov, Alexei"]
[Result "0-1"]
[WhiteElo "2355"]
[BlackElo "2445"]
[PlyCount "44"]
[EventDate "1995.??.??"]
[EventType "swiss"]
[EventRounds "9"]
[EventCountry "FRA"]
[SourceTitle "EXT 1999"]
[Source "ChessBase"]
[SourceDate "1998.11.16"]
[SourceVersion "1"]
[SourceVersionDate "1998.11.16"]
[SourceQuality "1"]

1. d4 Nf6 2. Nf3 d5 3. c4 e6 4. Nc3 Be7 5. Bf4 0-0 6. e3 c5 7. dxc5 Bxc5 8. cxd5 Nxd5 9. Nxd5 exd5 10. Bd3 Bb4+ 11. Ke2 Bg4 12. Qc2 g6 13. Rhd1 Nc6 14. Kf1 Bxf3 15. gxf3 Bd6 16. Bg3 Qf6 17. Be2 d4 18. exd4 Nxd4 19. Qc3 Bxg3 20. hxg3 Rfd8 21. Rac1 Kg7 22. Rd3 Rac8 0-1

[Event "Val Thorens op"]
[Site "Val Thorens"]
[Date "1995.??.??"]
[Round "?"]
[White "Sydor, Andrzej"]
[Black "Lupu, Mircea Sergiu"]
[Result "0-1"]
[WhiteElo "2355"]
[BlackElo "2475"]
[PlyCount "54"]
[EventDate "1995.??.??"]
[EventType "swiss"]
[EventRounds "9"]
[EventCountry "FRA"]
[SourceTitle "EXT 1999"]
[Source "ChessBase"]
[SourceDate "1998.11.16"]
[SourceVersion "1"]
[SourceVersionDate "1998.11.16"]
[SourceQuality "1"]

1. d4 e6 2. Nf3 f5 3. e3 Nf6 4. Bd3 b6 5. b3 Bb7 6. Bb2 Be7 7. Nbd2 0-0 8. Qe2 Ne4 9. c4 d6 10. Rd1 Qe8 11. 0-0 Nd7 12. Ne1 Qg6 13. f3 Ng5 14. Bb1 Nf6 15. Nd3 Nh5 16. c5 bxc5 17. dxc5 e5 18. cxd6 cxd6 19. f4 Nh3+ 20. Kh1 Qh6 21. Qe1 Rf6 22. fxe5 Bxg2+ 23. Kxg2 Rg6+ 24. Kh1 Ng3+ 25. hxg3 Nf2+ 26. Kg2 Rxg3+ 27. Kxg3 Qh4+ 0-1

[Event "Val Thorens op"]
[Site "Val Thorens"]
[Date "1995.??.??"]
[Round "?"]
[White "Sydor, Andrzej"]
[Black "Mollaoglu, Ergin"]
[Result "0-1"]
[WhiteElo "2355"]
[BlackElo "2375"]
[PlyCount "74"]
[EventDate "1995.??.??"]
[EventType "swiss"]
[EventRounds "9"]
[EventCountry "FRA"]
[SourceTitle "EXT 1999"]
[Source "ChessBase"]
[SourceDate "1998.11.16"]
[SourceVersion "1"]
[SourceVersionDate "1998.11.16"]
[SourceQuality "1"]

1. d4 Nf6 2. Nf3 g6 3. c4 Bg7 4. Nc3 0-0 5. e4 d6 6. Be2 Bg4 7. 0-0 Nfd7 8. h3 Bxf3 9. Bxf3 Nc6 10. Ne2 e5 11. Be3 exd4 12. Nxd4 Re8 13. Rb1 Nce5 14. Be2 Nc5 15. Qc2 a5 16. f3 Qe7 17. Bf2 h5 18. b3 Bh6 19. Rfd1 Bf4 20. a3 c6 21. Bf1 Qg5 22. Kh1 h4 23. Re1 Ne6 24. Rbd1 Bg3 25. Be3 Qf6 26. Re2 Nf4 27. Red2 Nh5 28. Qc3 a4 29. b4 d5 30. exd5 cxd5 31. cxd5 Rac8 32. Qa1 Nc4 33. Bxc4 Rxe3 34. Bf1 Be5 35. Kg1 Qf4 36. Kf2 Nf6 37. Qb1 Ne4+ 0-1

[Event "Val Thorens op"]
[Site "Val Thorens"]
[Date "1994.??.??"]
[Round "4"]
[White "Solonar, Stefan"]
[Black "Sydor, Andrzej"]
[Result "1-0"]
[WhiteElo "2400"]
[BlackElo "2355"]
[PlyCount "60"]
[EventDate "1994.??.??"]
[EventType "swiss"]
[EventRounds "9"]
[EventCountry "FRA"]
[SourceTitle "EXT 1999"]
[Source "ChessBase"]
[SourceDate "1998.11.16"]
[SourceVersion "1"]
[SourceVersionDate "1998.11.16"]
[SourceQuality "1"]

1. c4 e5 2. Nc3 Bb4 3. Nd5 Bc5 4. Nf3 Nc6 5. e3 e4 6. d4 exf3 7. dxc5 Nge7 8. Qxf3 0-0 9. Bd3 Ng6 10. Qg3 Nge5 11. Be2 f6 12. 0-0 b6 13. cxb6 axb6 14. b3 d6 15. Bb2 Bf5 16. Rfd1 Ra7 17. f4 Nd7 18. Bf3 Ncb8 19. e4 Be6 20. e5 fxe5 21. fxe5 dxe5 22. Bxe5 Nxe5 23. Qxe5 Bxd5 24. Qxd5+ Qxd5 25. Bxd5+ Kh8 26. Rf1 Nd7 27. Rxf8+ Nxf8 28. Rf1 Ng6 29. Re1 h5 30. Re8+ Kh7 1-0

[Event "Val Thorens op"]
[Site "Val Thorens"]
[Date "1994.??.??"]
[Round "1"]
[White "Sydor, Andrzej"]
[Black "Tugui, Adrian"]
[Result "1/2-1/2"]
[WhiteElo "2355"]
[BlackElo "2200"]
[PlyCount "72"]
[EventDate "1994.??.??"]
[EventType "swiss"]
[EventRounds "9"]
[EventCountry "FRA"]
[SourceTitle "EXT 1999"]
[Source "ChessBase"]
[SourceDate "1998.11.16"]
[SourceVersion "1"]
[SourceVersionDate "1998.11.16"]
[SourceQuality "1"]

1. d4 Nf6 2. Nf3 c5 3. e3 d5 4. c4 cxd4 5. Nxd4 e5 6. Nc2 Nc6 7. a3 Na5 8. cxd5 Nb3 9. Ra2 Qxd5 10. Qxd5 Nxd5 11. Nd2 Nxd2 12. Bxd2 Bf5 13. Bb5+ Kd8 14. Nb4 Bxb4 15. axb4 Ke7 16. Ke2 a6 17. Bc4 Nb6 18. Bb3 Rhd8 19. Rc1 Bd3+ 20. Ke1 Rac8 21. Rxc8 Rxc8 22. Bc3 Bc4 23. Bxc4 Nxc4 24. b5 axb5 25. Ra7 Ke6 26. Rxb7 Nd6 27. Rb6 Kd5 28. f3 f5 29. Ke2 Rc7 30. Rb8 Rc8 31. Rb6 Rc7 32. h3 g6 33. g4 e4 34. Rb8 Rc8 35. Rb6 Rc6 36. Rb8 Rc8 1/2-1/2

[Event "Cattolica op"]
[Site "Cattolica"]
[Date "1992.??.??"]
[Round "6"]
[White "Sydor, Andrzej"]
[Black "Korneev, Oleg"]
[Result "1/2-1/2"]
[WhiteElo "2355"]
[BlackElo "2465"]
[PlyCount "55"]
[EventDate "1992.06.??"]
[EventType "swiss"]
[EventRounds "9"]
[EventCountry "ITA"]
[SourceTitle "EXT 1998"]
[Source "ChessBase"]
[SourceDate "1997.11.17"]
[SourceVersion "1"]
[SourceVersionDate "1997.11.17"]
[SourceQuality "1"]

1. d4 Nf6 2. Nf3 d5 3. c4 dxc4 4. e3 e6 5. Bxc4 c5 6. 0-0 a6 7. dxc5 Bxc5 8. a3 b5 9. Ba2 Bb7 10. b4 Bd6 11. Bb2 Qe7 12. Qe2 0-0 13. Rd1 Nbd7 14. Nbd2 Rac8 15. Rac1 Nb6 16. Ne5 Na4 17. Bd4 Nd5 18. Ne4 Rxc1 19. Rxc1 Nxb4 20. Bb1 Bxe4 21. Bxe4 Nd5 22. Rc6 Nf6 23. Bc2 Bc5 24. Rxc5 Nxc5 25. Nc6 Qd6 26. Bxf6 gxf6 27. Bxh7+ Kxh7 28. Qh5+ 1/2-1/2

[Event "Lyngby op"]
[Site "Lyngby"]
[Date "1988.??.??"]
[Round "1"]
[White "Hartung Nielsen, Jens"]
[Black "Sydor, Andrzej"]
[Result "0-1"]
[WhiteElo "2270"]
[BlackElo "2335"]
[PlyCount "66"]
[EventDate "1988.??.??"]
[EventType "swiss"]
[EventRounds "9"]
[EventCountry "DEN"]
[SourceTitle "TD"]
[Source "ChessBase"]
[SourceDate "1994.03.01"]
[SourceVersion "1"]
[SourceVersionDate "1994.03.01"]
[SourceQuality "1"]

1. d4 Nf6 2. Nf3 d5 3. Bg5 Ne4 4. Bh4 c5 5. Nbd2 Nc6 6. e3 cxd4 7. Nxe4 dxe4 8. Nxd4 Qb6 9. Nxc6 bxc6 10. Qd4 Bf5 11. 0-0-0 f6 12. Bg3 e5 13. Qxb6 axb6 14. Bc4 Bc5 15. c3 Ke7 16. Rd2 h5 17. h3 h4 18. Bh2 Rhd8 19. Rhd1 Rxd2 20. Rxd2 Be6 21. Bxe6 Kxe6 22. b4 Be7 23. Kb2 g5 24. f3 exf3 25. gxf3 f5 26. Kb3 b5 27. a3 c5 28. c4 bxc4+ 29. Kxc4 cxb4 30. axb4 Rc8+ 31. Kd3 Bxb4 32. Rc2 e4+ 33. fxe4 fxe4+ 0-1

[Event "Lyngby op"]
[Site "Lyngby"]
[Date "1988.??.??"]
[Round "5"]
[White "Luik, Helmuth"]
[Black "Sydor, Andrzej"]
[Result "1/2-1/2"]
[WhiteElo "2345"]
[BlackElo "2335"]
[PlyCount "21"]
[EventDate "1988.??.??"]
[EventType "swiss"]
[EventRounds "9"]
[EventCountry "DEN"]
[SourceTitle "TD"]
[Source "ChessBase"]
[SourceDate "1994.03.01"]
[SourceVersion "1"]
[SourceVersionDate "1994.03.01"]
[SourceQuality "1"]

1. d4 Nf6 2. c4 e6 3. Nf3 d5 4. Nc3 Bb4 5. e3 0-0 6. Bd3 Nc6 7. 0-0 a6 8. Qe2 dxc4 9. Bxc4 Bd6 10. e4 e5 11. dxe5 1/2-1/2

[Event "Esbjerg-B"]
[Site "Esbjerg"]
[Date "1988.??.??"]
[Round "4"]
[White "Riemersma, Liafbern"]
[Black "Sydor, Andrzej"]
[Result "1/2-1/2"]
[WhiteElo "2380"]
[BlackElo "2335"]
[PlyCount "89"]
[EventDate "1988.07.??"]
[EventType "tourn"]
[EventRounds "11"]
[EventCountry "DEN"]
[EventCategory "4"]
[SourceTitle "EXT 1997"]
[Source "ChessBase"]
[SourceDate "1996.11.15"]
[SourceVersion "1"]
[SourceVersionDate "1996.11.15"]
[SourceQuality "1"]

1. e4 e5 2. Nf3 Nc6 3. Bb5 a6 4. Ba4 Nf6 5. 0-0 Nxe4 6. d4 Be7 7. Qe2 f5 8. dxe5 0-0 9. Nbd2 Nc5 10. Bxc6 dxc6 11. b3 Ne6 12. Bb2 Qe8 13. Rad1 b5 14. Nd4 Nxd4 15. Bxd4 c5 16. Bb2 Be6 17. Ba3 a5 18. c4 a4 19. Ra1 b4 20. Bb2 Qc6 21. Nf3 Rfd8 22. Rae1 Rd7 23. Bc1 h6 24. Qc2 axb3 25. axb3 Rad8 26. Re3 Kh8 27. h4 f4 28. Re2 Bg4 29. e6 Bxf3 30. exd7 Bxe2 31. Qxe2 Qxd7 32. Bxf4 Bxh4 33. Qe5 Qd6 34. Qe3 Qc6 35. Re1 Bf6 36. Qg3 Re8 37. Rxe8+ Qxe8 38. Be3 Bd4 39. Bxd4 cxd4 40. Qxc7 d3 41. Qd6 Qe1+ 42. Kh2 Qe2 43. Qf8+ Kh7 44. Qf5+ Kg8 45. g4 1/2-1/2

[Event "Esbjerg-B"]
[Site "Esbjerg"]
[Date "1988.??.??"]
[Round "7"]
[White "Sydor, Andrzej"]
[Black "Dobosz, Henryk"]
[Result "1/2-1/2"]
[WhiteElo "2335"]
[BlackElo "2410"]
[PlyCount "28"]
[EventDate "1988.07.??"]
[EventType "tourn"]
[EventRounds "11"]
[EventCountry "DEN"]
[EventCategory "4"]
[SourceTitle "EXT 1997"]
[Source "ChessBase"]
[SourceDate "1996.11.15"]
[SourceVersion "1"]
[SourceVersionDate "1996.11.15"]
[SourceQuality "1"]

1. Nf3 Nf6 2. g3 d5 3. d4 c6 4. Bg2 Bg4 5. Ne5 Bh5 6. c4 e6 7. cxd5 exd5 8. Nc3 Nbd7 9. Bf4 Nxe5 10. Bxe5 Be7 11. 0-0 0-0 12. Rc1 Nd7 13. Bf4 Kh8 14. h4 h6 1/2-1/2

[Event "Lyngby op"]
[Site "Lyngby"]
[Date "1988.??.??"]
[Round "9"]
[White "Sydor, Andrzej"]
[Black "Welling, Gerard J"]
[Result "1/2-1/2"]
[WhiteElo "2335"]
[BlackElo "2355"]
[PlyCount "20"]
[EventDate "1988.??.??"]
[EventType "swiss"]
[EventRounds "9"]
[EventCountry "DEN"]
[SourceTitle "TD"]
[Source "ChessBase"]
[SourceDate "1994.03.01"]
[SourceVersion "1"]
[SourceVersionDate "1994.03.01"]
[SourceQuality "1"]

1. d4 Nf6 2. Nf3 g6 3. Bg5 Bg7 4. Nbd2 0-0 5. c3 b6 6. e4 Bb7 7. Bd3 d6 8. Qe2 Nbd7 9. Ba6 Bxa6 10. Qxa6 c5 1/2-1/2

[Event "POL-chT 41st"]
[Site "Miedzybrodzie"]
[Date "1985.10.??"]
[Round "?"]
[White "Panczyk, Krzysztof"]
[Black "Sydor, Andrzej"]
[Result "1-0"]
[WhiteElo "2405"]
[BlackElo "2325"]
[PlyCount "65"]
[EventDate "1985.10.20"]
[EventType "team-tourn"]
[EventRounds "11"]
[EventCountry "POL"]
[SourceTitle "EXT 2019"]
[Source "ChessBase"]
[SourceDate "2018.10.10"]
[SourceVersion "1"]
[SourceVersionDate "2018.10.10"]
[SourceQuality "1"]
[WhiteTeam "Warszawa Polonia"]
[BlackTeam "Lublin Start"]
[WhiteTeamCountry "POL"]
[BlackTeamCountry "POL"]

1. d4 d5 2. c4 c6 3. Nf3 Nf6 4. Nc3 e6 5. Bg5 dxc4 6. e4 b5 7. e5 h6 8. Bh4 g5 9. Nxg5 hxg5 10. Bxg5 Be7 11. exf6 Bxf6 12. Bxf6 Qxf6 13. Be2 Na6 14. Bf3 Bb7 15. Nxb5 cxb5 16. Bxb7 Nb4 17. 0-0 Rd8 18. Qd2 Nd3 19. Qa5 Qxd4 20. Qxb5+ Ke7 21. Qg5+ f6 22. Qg7+ Kd6 23. Qg3+ e5 24. Qf3 Ke7 25. Rad1 Qxb2 26. Ba6 Qd4 27. Qb7+ Rd7 28. Qc6 e4 29. Bxc4 Qe5 30. h3 Rc7 31. Qd5 Qxd5 32. Bxd5 f5 33. f3 1-0

[Event "Kamen Piskov Memorial-04"]
[Site "Ruse"]
[Date "1984.06.??"]
[Round "2"]
[White "Sydor, Andrzej"]
[Black "Armas, Jules"]
[Result "1/2-1/2"]
[WhiteElo "2395"]
[BlackElo "2395"]
[PlyCount "39"]
[EventDate "1984.06.??"]
[EventType "tourn"]
[EventRounds "15"]
[EventCountry "BUL"]
[EventCategory "5"]
[SourceTitle "EXT 1998"]
[Source "ChessBase"]
[SourceDate "1997.11.17"]
[SourceVersion "1"]
[SourceVersionDate "1997.11.17"]
[SourceQuality "1"]

1. d4 Nf6 2. Nf3 c5 3. e3 g6 4. dxc5 Qa5+ 5. Nbd2 Bg7 6. Be2 0-0 7. c4 Qxc5 8. 0-0 b6 9. Rb1 a5 10. b3 Bb7 11. Bb2 Na6 12. Nd4 Rfd8 13. Nb5 Qc8 14. Bd4 Nc5 15. a3 d5 16. b4 axb4 17. axb4 Ncd7 18. Qb3 dxc4 19. Qxc4 Ne4 20. Nxe4 1/2-1/2

[Event "POL-ch41"]
[Site "Poznan"]
[Date "1984.??.??"]
[Round "5"]
[White "Pokojowczyk, Jerzy"]
[Black "Sydor, Andrzej"]
[Result "1-0"]
[WhiteElo "2370"]
[BlackElo "2395"]
[PlyCount "67"]
[EventDate "1984.02.12"]
[EventType "tourn"]
[EventRounds "15"]
[EventCountry "POL"]
[EventCategory "6"]
[SourceTitle "MCD"]
[Source "ChessBase"]
[SourceDate "1999.07.01"]
[SourceVersion "1"]
[SourceVersionDate "1999.07.01"]
[SourceQuality "1"]

1. e4 e5 2. Nf3 Nc6 3. Bb5 a6 4. Ba4 Nf6 5. 0-0 d6 6. Re1 b5 7. Bb3 Na5 8. d4 Nxb3 9. axb3 Bb7 10. dxe5 Nxe4 11. exd6 Bxd6 12. Qd4 0-0 13. Rxe4 f5 14. Re6 Bxf3 15. Rxd6 Qe8 16. gxf3 cxd6 17. Bd2 f4 18. Nc3 Rf5 19. Bxf4 Qh5 20. Bg3 Re8 21. Qg4 d5 22. Qxh5 Rxh5 23. Rxa6 Re1+ 24. Kg2 Rc1 25. Ra5 d4 26. Nxb5 Rxc2 27. Nxd4 Rxf2+ 28. Kxf2 Rxa5 29. Ke3 Ra2 30. b4 Rxb2 31. b5 Kf7 32. Kd3 Ke7 33. Kc3 Rb1 34. Kc2 1-0

[Event "HUN op"]
[Site "Kecskemet"]
[Date "1983.08.??"]
[Round "?"]
[White "Sydor, Andrzej"]
[Black "Barth, Jeremy"]
[Result "1-0"]
[WhiteElo "2405"]
[BlackElo "2290"]
[PlyCount "101"]
[EventDate "1983.08.12"]
[EventType "swiss"]
[EventRounds "11"]
[EventCountry "HUN"]
[SourceTitle "EXT 2008"]
[Source "ChessBase"]
[SourceDate "2007.11.25"]
[SourceVersion "1"]
[SourceVersionDate "2007.11.25"]
[SourceQuality "1"]

1. d4 Nf6 2. Nf3 g6 3. Bf4 Bg7 4. e3 0-0 5. Be2 b6 6. 0-0 Bb7 7. c4 d6 8. Qc2 Nh5 9. Bg5 h6 10. Bh4 g5 11. Nfd2 gxh4 12. Bxh5 h3 13. gxh3 e5 14. Bf3 Nc6 15. dxe5 Bxe5 16. Nc3 Qh4 17. Bg2 Nb4 18. Qf5 Bxg2 19. Kxg2 Qg5+ 20. Qxg5+ hxg5 21. Nf3 Bxc3 22. bxc3 Nc6 23. Nxg5 Ne5 24. Rad1 Nxc4 25. Rd4 Ne5 26. f4 Nd7 27. Kf3 Kg7 28. Rg1 Rh8 29. Ne6+ Kf6 30. Nxc7 Rxh3+ 31. Rg3 Rah8 32. Rxh3 Rxh3+ 33. Kg2 Rh8 34. Rxd6+ Ke7 35. Rd2 Nf6 36. Nd5+ Nxd5 37. Rxd5 Rc8 38. Rd3 f5 39. h4 Rg8+ 40. Kf3 Rh8 41. Kg3 Rg8+ 42. Kh3 Rg1 43. c4 Rc1 44. Ra3 a5 45. Rb3 Rxc4 46. Rxb6 a4 47. h5 Re4 48. Kh4 Rxe3 49. h6 Kf7 50. Kg5 Re2 51. Rb8 1-0

[Event "Przepiorka Memorial"]
[Site "Warsaw"]
[Date "1983.??.??"]
[Round "14"]
[White "Adamski, Jan"]
[Black "Sydor, Andrzej"]
[Result "1/2-1/2"]
[WhiteElo "2425"]
[BlackElo "2405"]
[PlyCount "53"]
[EventDate "1983.05.??"]
[EventType "tourn"]
[EventRounds "15"]
[EventCountry "POL"]
[EventCategory "9"]
[SourceTitle "MCD"]
[Source "ChessBase"]
[SourceDate "1999.07.01"]
[SourceVersion "1"]
[SourceVersionDate "1999.07.01"]
[SourceQuality "1"]

1. c4 e5 2. g3 Bc5 3. Bg2 Ne7 4. Nc3 d6 5. Nf3 Nd7 6. d4 Bb6 7. 0-0 0-0 8. b3 f6 9. Ba3 Qe8 10. e3 Qh5 11. Na4 exd4 12. exd4 Nc6 13. h3 Rd8 14. Nc3 Nf8 15. d5 Ne5 16. Nxe5 Qxd1 17. Raxd1 fxe5 18. Ne4 Bf5 19. Kh2 Nd7 20. Ng5 Rf8 21. g4 Bg6 22. Ne6 Rf7 23. Kg3 a5 24. Ng5 Rf6 25. Be4 Raf8 26. Bxg6 Rxg6 27. Bc1 1/2-1/2

[Event "Przepiorka Memorial"]
[Site "Warsaw"]
[Date "1983.??.??"]
[Round "12"]
[White "Foisor, Ovidiu Doru"]
[Black "Sydor, Andrzej"]
[Result "1/2-1/2"]
[WhiteElo "2430"]
[BlackElo "2405"]
[PlyCount "114"]
[EventDate "1983.05.??"]
[EventType "tourn"]
[EventRounds "15"]
[EventCountry "POL"]
[EventCategory "9"]
[SourceTitle "MCD"]
[Source "ChessBase"]
[SourceDate "1999.07.01"]
[SourceVersion "1"]
[SourceVersionDate "1999.07.01"]
[SourceQuality "1"]

1. d4 Nf6 2. c4 e6 3. Nf3 Bb4+ 4. Nbd2 0-0 5. a3 Bxd2+ 6. Qxd2 d6 7. g3 b6 8. Bg2 Bb7 9. b4 Nbd7 10. 0-0 Be4 11. Bb2 Qe7 12. Qe3 Rfe8 13. Rfd1 h6 14. Rac1 Rad8 15. Rd2 c6 16. Ne1 Bxg2 17. Nxg2 Rc8 18. Qd3 Red8 19. Ne3 Nf8 20. Rdc2 N8h7 21. d5 c5 22. Rd1 e5 23. Nf5 Qd7 24. e4 Rc7 25. b5 Re8 26. f3 Qd8 27. Rg2 Nf8 28. Bc1 Ng6 29. Qe3 Nh7 30. h4 Ne7 31. g4 Ng6 32. Qe1 Rd7 33. Qg3 Kh8 34. Kh2 Rg8 35. g5 h5 36. Qh3 Ne7 37. Nxe7 Rxe7 38. g6 fxg6 39. Rxg6 Qf8 40. Rxd6 Rf7 41. Rg6 Rxf3 42. Rg3 Rxg3 43. Qxg3 Nf6 44. Rf1 Qe8 45. Rf5 Ng4+ 46. Kg1 g6 47. Rf1 Rf8 48. Bg5 Rxf1+ 49. Kxf1 Kg7 50. Kg2 Qf7 51. a4 Kf8 52. Bd2 Ke7 53. a5 Kd6 54. a6 Kd7 55. Bg5 Qf8 56. Qe1 Kd6 57. Qd2 Qh8 1/2-1/2

[Event "Przepiorka Memorial"]
[Site "Warsaw"]
[Date "1983.??.??"]
[Round "3"]
[White "Plachetka, Jan"]
[Black "Sydor, Andrzej"]
[Result "1/2-1/2"]
[WhiteElo "2455"]
[BlackElo "2405"]
[PlyCount "38"]
[EventDate "1983.05.??"]
[EventType "tourn"]
[EventRounds "15"]
[EventCountry "POL"]
[EventCategory "9"]
[SourceTitle "MCD"]
[Source "ChessBase"]
[SourceDate "1999.07.01"]
[SourceVersion "1"]
[SourceVersionDate "1999.07.01"]
[SourceQuality "1"]

1. d4 Nf6 2. c4 e6 3. Nc3 Bb4 4. e3 0-0 5. Bd3 d5 6. Nf3 Nc6 7. 0-0 a6 8. Qe2 dxc4 9. Bxc4 Bd6 10. Rd1 Qe8 11. e4 e5 12. Bg5 Ng4 13. h3 exd4 14. Nd5 h6 15. Bh4 Nge5 16. Bb3 Be6 17. Nxd4 Bxd5 18. Bxd5 Nxd4 19. Rxd4 Ng6 1/2-1/2

[Event "Przepiorka Memorial"]
[Site "Warsaw"]
[Date "1983.??.??"]
[Round "1"]
[White "Skrobek, Ryszard"]
[Black "Sydor, Andrzej"]
[Result "1-0"]
[WhiteElo "2420"]
[BlackElo "2405"]
[PlyCount "87"]
[EventDate "1983.05.??"]
[EventType "tourn"]
[EventRounds "15"]
[EventCountry "POL"]
[EventCategory "9"]
[SourceTitle "MCD"]
[Source "ChessBase"]
[SourceDate "1999.07.01"]
[SourceVersion "1"]
[SourceVersionDate "1999.07.01"]
[SourceQuality "1"]

1. e4 e5 2. Nf3 Nc6 3. Nc3 g6 4. d4 exd4 5. Nd5 Bg7 6. Bg5 Nce7 7. Nxd4 c6 8. Nxe7 Nxe7 9. Qd2 h6 10. Bh4 d5 11. 0-0-0 dxe4 12. Qe3 Qa5 13. Bc4 Qc5 14. Qxe4 g5 15. Nb3 Qf5 16. Qxf5 Bxf5 17. Bg3 0-0 18. Rhe1 Rfe8 19. Na5 b6 20. Nb7 Be6 21. Bxe6 fxe6 22. Rxe6 Nf5 23. Rxe8+ Rxe8 24. Rd8 Rxd8 25. Nxd8 Nxg3 26. hxg3 c5 27. c3 a6 28. Kd2 Bf6 29. Ne6 Be5 30. Kd3 Kf7 31. Nd8+ Ke8 32. Ke4 Bxc3 33. bxc3 Kxd8 34. Kd5 Kd7 35. a4 Ke7 36. f4 Kd7 37. c4 g4 38. a5 bxa5 39. Kxc5 Ke6 40. Kd4 a4 41. Kc3 a5 42. Kb2 Kd6 43. Ka3 Kc5 44. f5 1-0

[Event "Przepiorka Memorial"]
[Site "Warsaw"]
[Date "1983.??.??"]
[Round "9"]
[White "Sydor, Andrzej"]
[Black "Dorfman, Josif D"]
[Result "0-1"]
[WhiteElo "2405"]
[BlackElo "2540"]
[PlyCount "132"]
[EventDate "1983.05.??"]
[EventType "tourn"]
[EventRounds "15"]
[EventCountry "POL"]
[EventCategory "9"]
[SourceTitle "MCD"]
[Source "ChessBase"]
[SourceDate "1999.07.01"]
[SourceVersion "1"]
[SourceVersionDate "1999.07.01"]
[SourceQuality "1"]

1. d4 Nf6 2. Nf3 g6 3. g3 Bg7 4. Bg2 0-0 5. 0-0 d6 6. Nc3 Nbd7 7. e4 e5 8. h3 Re8 9. dxe5 dxe5 10. Be3 c6 11. a4 b6 12. Qd3 a5 13. Rfd1 Ba6 14. Qd2 Bf8 15. Ne1 Nc5 16. Qxd8 Raxd8 17. Rxd8 Rxd8 18. Bf1 Bxf1 19. Kxf1 Rb8 20. f3 Ne6 21. Nd3 Nd7 22. Kf2 f6 23. b3 Kf7 24. Rd1 Ke8 25. Nb2 Bc5 26. Ne2 Ke7 27. Nc4 Rb7 28. Bxc5+ Ndxc5 29. Ke3 Rd7 30. Rxd7+ Nxd7 31. h4 Nec5 32. Nc1 Nb7 33. Nd3 b5 34. axb5 cxb5 35. Na3 Nd6 36. Nb1 Nb8 37. Nc3 Nc6 38. Nd5+ Kf7 39. Nc5 Nd4 40. c3 Ne6 41. Nd7 a4 42. bxa4 bxa4 43. Kd3 a3 44. Kc2 Nc4 45. Kb3 f5 46. g4 f4 47. Nb4 Nd2+ 48. Kxa3 Nxf3 49. Nd3 Ke7 50. N7xe5 Nxe5 51. Nxe5 g5 52. hxg5 Nxg5 53. Nd3 f3 54. Nf2 Kd6 55. c4 Kc5 56. Kb3 Kd4 57. c5 Ne6 58. c6 Ke3 59. Nh1 f2 60. Ng3 Nd4+ 61. Kc4 Nxc6 62. Kd5 Kf4 63. Nf1 Ne5 64. g5 Nf3 65. e5 Nxe5 66. Kd4 Nf7 0-1